书目信息 |
| 题名: |
论解释
|
|
| 作者: | 利科 著 ;汪堂家 , 李之喆 , 姚满林 译 | |
| 分册: | ||
| 出版信息: | 北京 人民出版社 2018 |
|
| 页数: | 601页 | |
| 开本: | 23cm | |
| 丛书名: | 当代西方学术经典译丛 | |
| 单 册: | ||
| 中图分类: | B089.2 | |
| 科图分类: | ||
| 主题词: | 阐释学--研究 | |
| 电子资源: | ||
| ISBN: | 978-7-01-019087-7 | |
| 000 | 01359oam2 2200313 45 | |
| 001 | 012001004711 | |
| 005 | 20140125081754.0 | |
| 010 | @a978-7-01-019087-7@dCNY179.00 | |
| 100 | @a20190406d2018 em y0chiy50 ea | |
| 101 | 1 | @achi@cfre |
| 102 | @aCN@b110000 | |
| 105 | @ay z 000yy | |
| 106 | @ar | |
| 200 | 1 | @a论解释@9lun jie shi@e评弗洛伊德@dDe l'interpretation@eessai sur Freud@f(法)利科著@g汪堂家,李之喆,姚满林译@zfre |
| 210 | @a北京@c人民出版社@d2018 | |
| 215 | @a601页@d23cm | |
| 225 | 2 | @a当代西方学术经典译丛 |
| 330 | @a本书是一本哲学书,利科通过对弗洛伊德的研究引入其对人的新理解。在本书中,利科将弗洛伊德的精神分析学说定位为一种文化解释学。它和利科先前发表的《恶的象征》一起构成了利科从意志现象学转向解释学的标志性著作。和《恶的象征》相比,本书对利科解释学思想的阐发更加系统和完备。而将弗洛伊德的精神分析理论阐释为一种解释学的关键,就是将“文本”概念扩展应用到精神分析理论中。 | |
| 461 | 0 | @12001 @a当代西方学术经典译丛 |
| 510 | 1 | @aDe l'interpretation@eessai sur Freud@zfre |
| 600 | 0 | @a弗洛伊德@c(Freud, Sigmmund@f1856-1939)@x研究 |
| 606 | 0 | @a阐释学@x研究 |
| 690 | @aB089.2@v5 | |
| 701 | 0 | @c(法)@a利科@9li ke@gRicoeur, Paul@4著 |
| 702 | 0 | @a汪堂家@9wang tang jia@4译 |
| 702 | 0 | @a李之喆@9li zhi zhe@4译 |
| 702 | 0 | @a姚满林@9yao man lin@4译 |
| 801 | 0 | @aCN@b江苏凤凰@c20191020 |
| 905 | @b1239240-1@dB089.2@e113@f2 | |
| 论解释:评弗洛伊德=De l'interpretation:essai sur Freud/(法)利科著/汪堂家,李之喆,姚满林译.-北京:人民出版社,2018 |
| 601页;23cm.-(当代西方学术经典译丛) |
| ISBN 978-7-01-019087-7:CNY179.00 |
| 本书是一本哲学书,利科通过对弗洛伊德的研究引入其对人的新理解。在本书中,利科将弗洛伊德的精神分析学说定位为一种文化解释学。它和利科先前发表的《恶的象征》一起构成了利科从意志现象学转向解释学的标志性著作。和《恶的象征》相比,本书对利科解释学思想的阐发更加系统和完备。而将弗洛伊德的精神分析理论阐释为一种解释学的关键,就是将“文本”概念扩展应用到精神分析理论中。 |
| ● |
| 相关链接 |
|
|
|
|
正题名:论解释
索取号:B089.2/113
 
预约/预借
| 序号 | 登录号 | 条形码 | 馆藏地/架位号 | 状态 | 备注 |
| 1 | 1239240 | 212392409 | 第一样本阅览室/ [索取号:B089.2/113] | 在馆 | |
| 2 | 1239241 | 212392418 | 第一借阅区/ [索取号:B089.2/113] | 在馆 |